Statistics for Civilization V wonders

Click here to take the quiz!

General Stats

  • This quiz has been taken 546 times
  • The average score is 25 of 48

Answer Stats

HintAnswer% Correct
Ancient EraPyramids
87%
Classical EraHanging Gardens
83%
Ancient EraStonehenge
81%
Classical EraColossus
77%
Classical EraGreat Wall
77%
Ancient EraGreat Library
75%
Classical EraGreat Lighthouse
74%
Modern EraEiffel Tower
72%
Ancient EraTemple of Artemis
72%
Industrial EraBig Ben
67%
Ancient EraStatue of Zeus
67%
Modern EraStatue of Liberty
63%
Medieval EraChichen Itza
58%
Modern EraKremlin
57%
Classical EraParthenon
56%
Medieval EraNotre Dame
54%
Medieval EraHagia Sophia
53%
Medieval EraMachu Picchu
53%
Classical EraOracle
53%
Classical EraPetra
52%
Atomic EraGreat Firewall
50%
Ancient EraMausoleum of Halicarnassus
50%
Atomic EraSydney Opera House
50%
Information EraCN Tower
48%
Industrial EraLouvre
48%
Renaissance EraTaj Mahal
48%
Medieval EraAngkor Wat
47%
Modern EraBroadway
47%
Classical EraTerracotta Army
47%
Industrial EraBrandenburg Gate
46%
Renaissance EraForbidden Palace
45%
Medieval EraAlhambra
44%
Renaissance EraSistine Chapel
44%
Renaissance EraPorcelain Tower
41%
Atomic EraPentagon
40%
Renaissance EraUffizi
39%
Renaissance EraRed Fort
38%
Renaissance EraHimeji Castle
37%
Medieval EraGreat Mosque of Djenne
36%
Modern EraProra
35%
Medieval EraBorobudur
34%
Modern EraCristo Redentor
34%
Information EraHubble Space Telescope
34%
Renaissance EraGlobe Theatre
33%
Modern EraNeuschwanstein
33%
OtherInternational Space Station
27%
Renaissance EraLeaning Tower of Piza
24%
OtherUnited Nations
18%

Score Distribution

Percentile by Number Answered

Percent of People with Each Score

Your Score History

You have not taken this quiz